Commentaria in Primum librum Sententiarum ad Mentem Doctoris Subtilis Ioannis de Duno Scoti Franciscani ...

Prednášky druhého lektora teológie na františkánskom generálnom štúdiu v Trnave zapísané poslucháčom Augustínom Podhajčičom. Komentáre ku prvej knihe sentencií podľa náuky Jána Duns Scota

Bibliographic Details
Main Author: Kašnar, Jozef (Author)
Format: Manuscript Book
Language:Latin
PhysicalDescription:241 strán, 6 nečíslovaných strán rukopis, viazaný, perg. 21 cm
Published: Tyrnaviae 1648
Subjects:

MARC

LEADER 00000ntmaa2200000 a 4500
001 vtls011616669
003 SK-MaSNL
005 20260301140412.0
008 230802s1648 xo || 000 s lat
035 |a urn:nbn:sk:snk-tm00caj6 
035 |a urn:nbn:sk:snk-tm3n2cd 
035 |a AE954F08-C067-4769-B789-67435DC356EA 
040 |a SNKLA  |b slo  |c SNKLA  |e AACR2 
041 0 |a lat 
044 |a xo  |c SK 
072 7 |a 27-78  |x Kresťanské združenia, spolky a organizácie. Rehoľné rády  |2 konspekt 
080 |a 2-284  |2 2011 
080 |a 82-5  |2 2011 
080 |a 025.171  |2 2011 
080 |a 2-11  |2 2011 
100 1 |a Kašnar, Jozef  |4 aut  |9 493037 
245 1 0 |a Commentaria in Primum librum Sententiarum ad Mentem Doctoris Subtilis Ioannis de Duno Scoti Franciscani ...  |c Iosephus Kassnar ; Augustinus Podgayczicz 
246 2 8 |a Theologia 
260 |a Tyrnaviae  |c 1648 
300 |a 241 strán, 6 nečíslovaných strán  |b rukopis, viazaný, perg.  |c 21 cm 
500 |a Zachovalá celopergamenová väzba 
500 |a Na chrbte knihy titul a nalepené písmeno O, ďalej napísané n. z 6 
500 |a Na prednom prídoští a na prvej strane textu signatúra 6899 napísaná atramentovou ceruzou 
520 2 |a Prednášky druhého lektora teológie na františkánskom generálnom štúdiu v Trnave zapísané poslucháčom Augustínom Podhajčičom. Komentáre ku prvej knihe sentencií podľa náuky Jána Duns Scota 
555 0 |a Inventár rukopisov Archívu literatúry a umenia Matice slovenskej. Rukopisy historických knižníc na Slovensku I. Martin: Matica slovenská 1992 
561 |a Okrúhla pečiatka: Bibliotheca Conv. Posoniensis O. Fr. M. 
600 1 7 |a Duns Scotus, Johannes,  |d asi 1265-1308  |2 SNKMA  |9 127417 
610 2 7 |a Františkáni (Bratislava, Slovensko)  |b Mariánska provincia  |2 SNKLA  |9 50541 
650 0 7 |a teológia  |2 SNKPH  |9 1814 
650 0 7 |a teologické školy  |2 SNKPH  |9 81400 
655 7 |a prednášky  |2 SNKPH  |9 70554 
655 7 |a rukopisy  |2 SNKPH  |9 70548 
700 1 |a Podhajčič, Augustín  |4 trc  |9 493038 
752 |a Slovensko  |d Trnava 
852 |a Slovenská národná knižnica  |b Literárny archív 
958 |a ZH 
958 |a LAVD 
999 |c 763546  |d 765476 
952 |a SNKLA  |b SNKLA  |c SNKLA_DEP  |y NEVYP  |7 0  |p 17A1226006  |o snkRHKS 625  |0 0  |1 0  |4 0  |d 2017-03-09  |f 1  |l 0  |r 2026-02-24 00:11:29  |w 2026-02-24